| 000 | 00537nam a2200193 a 4500 | ||
|---|---|---|---|
| 005 | 20140310183213.0 | ||
| 008 | 030113s19uu xx 00 eng d | ||
| 020 | _a9780205263356 | ||
| 050 |
_aLB 1057 _b.W74 1998 |
||
| 100 | _aWoolfolk, Anita E. | ||
| 245 |
_aEducational psychology / _cAnita E. Woolfolk. |
||
| 250 | _aGlobal ed. | ||
| 260 |
_aU.S.A : _bAllyn & Bacon, _c1998. |
||
| 300 |
_a593 p. : _bill. some col. ; _c27 cm. |
||
| 521 | _aPSYCH | ||
| 650 | _aEducational Psychology. | ||
| 942 |
_cBK _2lcc _kFOR |
||
| 999 |
_c20180 _d20180 |
||